Wavelengths of the Universe - Statistics

General Stats
  • This quiz has been taken 16 times
    9 since last reset
  • The average score is 11 of 22
Answer Stats
Question Answer % Correct
what are microwaves used for in the real world heating and cooking
100%
what are x rays used for in the real world seeing for medical conditions
100%
What is wave length? Distance between
86%
What are some characteristics of frequency? Number of wave cycles per second
86%
What waves to cell phones use? Radio Waves
86%
what are radio waves used for in the real world
71%
what are gamma waves used for in the real world sterilization of medical equipment
71%
What are some characteristics of amplitude? the waves strength or intensity
71%
what is infrared light used for in the real world turning on electronics
71%
what is ultraviolet light used for in the real world bugs can see it and it kills bacteria
57%
Is the microwave wave length longer or shorter then radio waves? Shorter
57%
what waves do scientist use to observe proxima centauri the entire electromagnetic spectrum
57%
units used for frequency hertz
29%
units used for wavelength meters
29%
what waves do scientist use to observe betelgeuse the entire elctromagentic spectrum
29%
units used for amplitude meters
14%
what telescope do scientists use to study the universe optical telescope
14%
how do scientist measure the temperature of Betelgeuse with what wave radio waves
14%
how do scientist measure the solar flares of proxima centauri with what wave radio waves
14%
Characteristics of wavelength the length of one complete wave cycle
14%
how do the waves vary across the electromagnetic spectrum visible light in the middle
14%
how do the waves differ along the electromagnetic spectrum when you go left the energy increases
14%
No matching quizzes found
Score Distribution
Percent of People with Each Score
Percentile by Number Answered
Your Score History
You have not taken this quiz since the last reset